Editorial (notice n° 2046335)
[ vue normale ]
| 000 -LEADER | |
|---|---|
| fixed length control field | 00914cam a2200169 4500500 |
| 005 - DATE AND TIME OF LATEST TRANSACTION | |
| control field | 20260405001322.0 |
| 041 ## - LANGUAGE CODE | |
| Language code of text/sound track or separate title | fre |
| 042 ## - AUTHENTICATION CODE | |
| Authentication code | dc |
| 100 10 - MAIN ENTRY--PERSONAL NAME | |
| Personal name | Authier, Jean-Yves |
| Relator term | author |
| 245 00 - TITLE STATEMENT | |
| Title | Editorial |
| 260 ## - PUBLICATION, DISTRIBUTION, ETC. | |
| Date of publication, distribution, etc. | 2005.<br/> |
| 500 ## - GENERAL NOTE | |
| General note | 70 |
| 520 ## - SUMMARY, ETC. | |
| Summary, etc. | One in five pregnancies ends in perinatal death. A qualitative study of fifteen bereavement group facilitators reaching parents after a perinatal death identified their perceptions of men’s bereavement, of their motivations to engage in perinatal bereavement groups, and the specifics of intervening with them. Recommendations for practices inclusive of bereaved fathers, training, and mentoring are proposed. |
| 700 10 - ADDED ENTRY--PERSONAL NAME | |
| Personal name | Bidou, Catherine |
| Relator term | author |
| 786 0# - DATA SOURCE ENTRY | |
| Note | Espaces et sociétés | o 120-121 | 2 | 2005-06-01 | p. 7-14 | 0014-0481 |
| 856 41 - ELECTRONIC LOCATION AND ACCESS | |
| Uniform Resource Identifier | <a href="https://shs.cairn.info/journal-espaces-et-societes-2005-2-page-7?lang=en&redirect-ssocas=7080">https://shs.cairn.info/journal-espaces-et-societes-2005-2-page-7?lang=en&redirect-ssocas=7080</a> |
Pas d'exemplaire disponible.




Réseaux sociaux